LEADER 01304nam2-2200385---450- 001 990003369760203316 005 20100716092422.0 010 $a88-14-13704-8 035 $a000336976 035 $aUSA01000336976 035 $a(ALEPH)000336976USA01 035 $a000336976 100 $a20100209d2008----km-y0itay50------ba 101 0 $aita 102 $aIT 105 $a||||||||001yy 200 1 $a<> contribuzione previdenziale$fa cura di Fabio Fonzo, Angelo Pandolfo e Antonino Sgroi 210 $aMilano$cGiuffrè$d2008 215 $aXVIII, 524 p.$d21 cm 225 2 $aTeoria e pratica del diritto$iSez. 1, Diritto e procedura civile$v137 410 0$1001000313872$aTeoria e pratica del diritto$iSez. 1, Diritto e procedura civile$v, 137 606 0 $aContributi sociali$2BNCF 676 $a344.450159 700 1$aMASSUCCI,$bBruno$0597214 801 0$aIT$bsalbc$gISBD 912 $a990003369760203316 951 $aXXV.1. Coll. 15/ 151$b63348 G.$cXXV.1. Coll. 15/$d00255667 959 $aBK 969 $aGIU 979 $aFIORELLA$b90$c20100209$lUSA01$h1125 979 $aFIORELLA$b90$c20100209$lUSA01$h1125 979 $aFIORELLA$b90$c20100209$lUSA01$h1128 979 $aFIORELLA$b90$c20100716$lUSA01$h0924 996 $aContribuzione previdenziale$91123482 997 $aUNISA LEADER 02773nam 22006375 450 001 9910464179803321 005 20211014222919.0 010 $a3-11-080711-4 024 7 $a10.1515/9783110807110 035 $a(CKB)3460000000080969 035 $a(EBL)929201 035 $a(OCoLC)794664465 035 $a(SSID)ssj0000559759 035 $a(PQKBManifestationID)11344685 035 $a(PQKBTitleCode)TC0000559759 035 $a(PQKBWorkID)10567663 035 $a(PQKB)11397354 035 $a(MiAaPQ)EBC929201 035 $a(WaSeSS)Ind00014146 035 $a(DE-B1597)42616 035 $a(OCoLC)979627296 035 $a(DE-B1597)9783110807110 035 $a(EXLCZ)993460000000080969 100 $a20191126d2010 fg 0 101 0 $aeng 135 $aurnn#---|u||u 181 $ctxt 182 $cc 183 $acr 200 14$aThe Foundations of Latin /$fPhilip Baldi 205 $aReprint 2010 210 1$aBerlin ;$aBoston :$cDe Gruyter Mouton,$d[2010] 210 4$d©1999 215 $a1 online resource (564 p.) 225 0 $aTrends in Linguistics. Studies and Monographs [TiLSM] ;$v117 300 $aDescription based upon print version of record. 311 0 $a3-11-016294-6 320 $aIncludes bibliographical references (p. [411]-443) and indexes. 327 $tFront matter --$tPreface --$tContents --$tList of figures --$tList of maps --$tList of plates --$tList of tables --$tAcknowledgments --$tCredits --$tAbbreviations and symbols --$tTranscription conventions --$tChapter 1 Indo-European and the Indo-European languages --$tChapter 2 An outline of Proto-Indo-European --$tChapter 3 Ancient Italy and its Indo-Europeanization --$tChapter 4 The languages of ancient Italy --$tChapter 5 Materials for the study of Latin --$tChapter 6 The development of the Latin phonological system from PIE --$tChapter 7 The development of the Latin morphological system from PIE --$tReferences --$tClassical sources cited --$tIndexes of forms --$tIndex of authors --$tIndex of classical references --$tIndex of subjects 410 0$aTrends in Linguistics. Studies and Monographs [TiLSM] 606 $aLatin language$xGrammar, Historical 606 $aIndo-European languages$xInfluence on Latin 606 $aInscriptions, Latin$zItaly 607 $aItaly$xLanguages 608 $aElectronic books. 615 0$aLatin language$xGrammar, Historical. 615 0$aIndo-European languages$xInfluence on Latin. 615 0$aInscriptions, Latin 676 $a475 700 $aBaldi$b Philip$4aut$4http://id.loc.gov/vocabulary/relators/aut$0311561 801 0$bDE-B1597 801 1$bDE-B1597 906 $aBOOK 912 $a9910464179803321 996 $aFoundations of Latin$91273707 997 $aUNINA